000 00430 a2200157 4500
005 20250626091245.0
020 _a978-0-3242-3296-8
082 _a658.15 BRI
100 _aBRIGHAM, E. F.
245 _aFundamentals of Financial Mangement
250 _a5th Ed.
260 _aNew York,
_bThomson,
_c2007.
300 _axxxi,593p.; ill.; figure, table, picture
_bAppendix & Index
_c27cm
700 _aHOUSTON, J. F.
942 _2ddc
_cBKS
999 _c5256
_d5256